| 000 | 00634 a2200205 4500 | ||
|---|---|---|---|
| 001 | 2790 | ||
| 005 | 20260407155424.0 | ||
| 008 | 260407a2003 arg spa d | ||
| 003 | AR-UNSa-BCEJYS | ||
| 040 |
_aAR-UNSa-BCEJYS _bspa _cAR-UNSa-BCEJYS |
||
| 080 |
_a17 _xFilosofía moral. Ética. Filosofía práctica |
||
| 245 | 1 | 0 | _aÉtica y deontología |
| 250 | _a2a. ed. | ||
| 264 | 1 |
_aSalta : _bUniversidad Nacional de Salta. Facultad de Ciencias Económicas, Jurídicas y Sociales _c2003 |
|
| 300 |
_a192 p. _c21 cm. |
||
| 041 | _aspa | ||
| 942 | _cBK | ||
| 590 | _aniveau_biblio:m niveau_hierar:0 | ||
| 100 | 1 | _aWierna, Gustavo Enrique | |
| 999 |
_c275 _d275 |
||